000 00210nam a22001097a 4500
041 _aeng
080 _a81.1
090 _bBER
100 _aLerlizon, S.
245 _aEnglish Verbal Collocations
999 _c280504
_d280504
942 _cBK